Quiz sulla Palestina - Statistics

Statistiche generali
  • Questo quiz è stato fatto 705 volte
  • Il punteggio medio è 12 su 21
Statistiche sulle risposte
Hint Risposta % Corretto
I due territori che oggi indicano la Palestina Striscia di {Gaza}
98%
Nazioni confinanti con questi territori Israele
94%
Nazioni confinanti con questi territori Giordania
91%
Capitale proposta per un futuro stato palestinese {Gerusalemme} Est
90%
Luogo in cui nacque Gesù secondo la Bibbia Betlemme
84%
Impero che controllò la Palestina dal 1516 al 1922 Impero Ottomano
84%
Nazioni confinanti con questi territori Egitto
81%
I due territori che oggi indicano la Palestina C{isgiordania}
76%
Partito che guida il governo del territorio #2 H{amas}
75%
Paese che ha avuto "mandato" di guidare la Palestina dal 1922 al 1947 Regno Unito
75%
Biblico patriarca che si pensa sia sepolto in questa città Abramo
48%
Termine che indica le violente proteste che i palestinesi fecero nel 1987–1993 e nel 2000–2005 Intifada
44%
Leader dell'OLP dal 1969 al 2004 Yasser Arafat
44%
Antico regno guidato dal re Erode Giudea
40%
Capitale de-facto della Palestina Ramallah
37%
Partito che guida il governo del territorio #1 F{atah}
32%
La più antica città della Palestina e forse del mondo intero Gerico
32%
Nome dell'area durante l'Età del Bronzo C{anaan}
26%
Nome della moschea costruita sul Monte del Tempio intorno al 700 a.C. Moschea di Al {Aqsa}
22%
Presidente dell'Autorità Nazionale Palestinese (PNA) eletto nel 2003 Mahmoud Abbas
18%
Città più popolosa nei territori controllati dal PNA Hebron
16%
Nessun quiz corrispondente trovato
Distribuzione punteggi
Percentuale di utenti per punteggio
Percentile per numero di risposta
I tuoi punteggi nel tempo
Non hai fatto questo quiz